000 00614 a2200205 4500
001 61361
005 20260407155903.0
008 260407a1983 arg spa d
003 AR-UNSa-BCEJYS
040 _aAR-UNSa-BCEJYS
_bspa
_cAR-UNSa-BCEJYS
080 _a343.53
_xFraudes en el comercio y en la industria (Derecho Penal Económico)
245 1 0 _aDerecho penal económico
020 _a978-950-14-0116-5
264 1 _aBuenos Aires :
_bEdiciones Depalma
_c1983
300 _a237 p.
_c23 cm.
041 _aspa
942 _cBK
590 _aniveau_biblio:m niveau_hierar:0
100 1 _aPagano, José León (h.)
999 _c7276
_d7276